| 000 | 00773nam a2200205 i 4500 | ||
|---|---|---|---|
| 001 | 42041 | ||
| 003 | ES-MaACL | ||
| 005 | 20251116063053.0 | ||
| 007 | t| | ||
| 008 | 030312s1956 sp ||||1| spa d | ||
| 100 | 1 |
_aCasas Torres, José Manuel, _d1916-2010 _936236 |
|
| 245 | 1 | 3 |
_aLa originalidad geográfica de Navarra _b: lección inagural del I curso : cursos de verano de Pamplona / _cpor José Manuel Casas Torres. |
| 260 |
_aPamplona : _bDiputación Foral de Navarra, _c1956. |
||
| 300 |
_a23 p. ; _c24 cm. |
||
| 500 | _aPrecede al tít.: Universidad de Zaragoza. | ||
| 710 | 1 |
_aNavarra (Comunidad Autónoma). _bDiputación Foral. _95984 |
|
| 710 | 2 |
_aUniversidad de Zaragoza _97352 |
|
| 852 |
_aES-MaACL _j1985-F-22 _bR.39328 |
||
| 999 |
_c42041 _d42041 |
||